000
00278nam a2200109Ia 4500
005
20251222113743.0
008
251222s1900||||xx |||||||||||||| ||spa||
082
_a
DVD0080/W73/2012
245
0
_a
For greater glory:The True Story of Cristiada
264
_b
NewLand Films
942
_c
DVD
999
_c
672
_d
672